Моделирование инжекции и захвата в ускорение электронного пучка в малогабаритном бетатроне; Молодежь и современные информационные технологии

Bibliografiske detaljer
Parent link:Молодежь и современные информационные технологии.— 2005.— С. 86-88
Hovedforfatter: Семешов В. А.
Andre forfattere: Офицеров В. В.
Sprog:russisk
Udgivet: 2005
Fag:
Format: MixedMaterials Book Chapter
KOHA link:https://koha.lib.tpu.ru/cgi-bin/koha/opac-detail.pl?biblionumber=143744

MARC

LEADER 00000naa2a2200000 4500
001 143744
005 20231031143321.0
035 |a (RuTPU)RU\TPU\book\155776 
090 |a 143744 
100 |a 20080923d2005 k y0rusy50 ca 
101 0 |a rus 
102 |a RU 
200 1 |a Моделирование инжекции и захвата в ускорение электронного пучка в малогабаритном бетатроне  |f В. А. Семешов, В. В. Офицеров 
320 |a Библиогр.: 5 назв. 
463 0 |0 (RuTPU)RU\TPU\book\118408  |t Молодежь и современные информационные технологии  |o сборник трудов III Всероссийской научно-практической конференции студентов, г. Томск, 15 февраля - 17 февраля 2005 г.  |f Томский политехнический университет  |v С. 86-88  |d 2005  |p 284 с. 
610 1 |a электронные пучки 
610 1 |a моделирование 
610 1 |a инжекция 
610 1 |a бетатроны 
610 1 |a ускорение 
610 1 |a численные модели 
610 1 |a кулоновские поля 
610 1 |a труды учёных ТПУ 
700 1 |a Семешов  |b В. А. 
701 1 |a Офицеров  |b В. В. 
801 1 |a RU  |b 63413507  |c 20080923  |g PSBO 
942 |c BK